| 000 | 00572nam a22001817a 4500 | ||
|---|---|---|---|
| 003 | OSt | ||
| 005 | 20260112053330.0 | ||
| 008 | 260112b |||||||| |||| 00| 0 eng d | ||
| 020 | _a0877791066 | ||
| 040 |
_aDWCL - Main _cOC |
||
| 082 | _aGR 403 W391 1976 v. 1 | ||
| 110 | _aMerriam Webster | ||
| 245 |
_aWebster's Third New International Dictionary of the English Language unabridged : _bA to G |
||
| 260 |
_aPhilippines: _bG. & C. Merriam Co., _cc1976. |
||
| 300 |
_av. 1, 1016 p. ; _c32 cm. |
||
| 650 | _a1. 1. English Language--Dictionaries. | ||
| 942 |
_2ddc _cGR _n0 |
||
| 999 |
_c7282 _d7282 |
||